000 00419nam a2200169Ia 4500
008 141014s9999||||xx |||||||||||||| ||und||
010 _a14570
020 _aSISBN
082 _a600 S.412
100 _aKogan, Nathan y otros
245 _aLa Ciencia Ante la Amenaza Nuclear
250 _a1ra Ed
260 _aFontanella S.A. Barcelona, EspaƱa
_c1969
300 _a278p
_c23 cm
650 _aCiencia
942 _cBK
999 _c14720
_d14720